7 Perso - 1 Pts Commun - Harry Potter #6 - Statistiques

Statistiques générales
  • Ce quiz a été pris 601 fois
  • Le résultat moyen est 6 sur 7
Statistiques - réponses
Personnages % Correct
Harry Potter
99%
Fred Weasley
87%
George Weasley
87%
Olivier Dubois
87%
Angelina Johnson
78%
Équipe Gryffondor
71%
Alicia Spinnet
62%
Aucun quiz correspondant
Distribution des résultats
% des personnes avec chaque résultat
Percentile par nombre de réponses
Votre historique - résultats
Vous n’avez pas pris ce quiz